Loading...
| Science - Chemistry | 0 | 9 | 1 | 0 | 85 | 45 | 76.11 | 6 | 9 |
| Science - Physics | 0 | 9 | 2 | 1 | 80 | 22 | 66.00 | 5 | 8 |
| Science - Other Science | 0 | 8 | 1 | 2 | 75 | 68 | 93.88 | 1 | 5 |
| Science - Biology | 0 | 4 | 1 | 0 | 35 | 73 | 80.50 | 2 | 4 |
| Social Science | 0 | 3 | 0 | 0 | 30 | 54 | 82.67 | 0 | 2 |
| History - Other History | 0 | 3 | 1 | 0 | 25 | 61 | 83.00 | 2 | 3 |
| Other | 0 | 2 | 0 | 0 | 20 | 45 | 54.00 | 0 | 1 |
| History - World History | 0 | 2 | 0 | 0 | 20 | 73 | 82.50 | 1 | 2 |
| Mythology | 0 | 1 | 0 | 1 | 10 | 144 | 144.00 | 0 | 0 |
| Literature - World Literature | 0 | 1 | 0 | 0 | 10 | 130 | 130.00 | 0 | 0 |
| Religion | 0 | 0 | 1 | 0 | -5 | 0.00 | 0 | 0 |